A Christian view of Islam :Essays on Dialogue (Record no. 22442)

MARC details
000 -LEADER
fixed length control field 00501cam a22001814a 4500
020 ## - INTERNATIONAL STANDARD BOOK NUMBER
ISBN 9781570758607 (pbk.)
082 00 - DEWEY DECIMAL CLASSIFICATION NUMBER
Classification number 261.27
Author Cutter OMA
100 1# - MAIN ENTRY--AUTHOR NAME
Author name Michel, Thomas F.,
245 12 - TITLE STATEMENT
Title A Christian view of Islam :Essays on Dialogue
260 ## - PUBLICATION, DISTRIBUTION, ETC. (IMPRINT)
Place of publication Maryknoll, NY :
Name of publisher Orbis Books,
Year of publication c2010.
300 ## - PHYSICAL DESCRIPTION
Number of Pages xxiv, 214 p. ;
490 0# - SERIES STATEMENT
Series statement Faith meets faith series
650 #0 - SUBJECT ADDED ENTRY--TOPICAL TERM
Topical Term Interfaith - Relations
650 #0 - SUBJECT ADDED ENTRY--TOPICAL TERM
Topical Term Christianity and other religions
942 ## - ADDED ENTRY ELEMENTS (KOHA)
Koha item type Books
700 1# -
-- Omar, Irfan A.
Holdings
Home library Current library Shelving location Date acquired Full call number Accession Number Koha item type
Henry Martyn Institute Library Henry Martyn Institute Library General stacks 10/30/2018 261.27 OMA 11003808 Books
                   Copyright © 2026 | Henry Martyn Institute | Hyderabad | TS-500052 | INDIA | Implemented by hmi.edu.in
Hit-Count:

Powered by Koha